Statistiques concernant Trouvez tous les pays grâce à leurs frontières

Cliquez ici pour prendre le quiz!

Statistiques générales

  • Ce quiz a été pris 150 fois
    (77 depuis la dernière actualisation)
  • Le résultat moyen est 132 sur 156

Statistiques - réponses

PaysPays frontaliers% Correct
MarocMauritanie / Algérie / Espagne
97%
SuèdeNorvège / Finlande
97%
MonacoFrance
96%
FinlandeNorvège / Russie / Suède
96%
Emirats Arabes UnisArabie Saoudite / Oman
94%
Etats-UnisCanada / Mexique
94%
RussieCorée du Nord / Chine / Kazakhstan / Mongolie / Azerbaïdjan / Géorgie / Ukraine / Biélorussie / Finlande / Norvège / Estonie / Lettonie / Lituanie / Pologne
94%
ChineCorée du Nord / Russie / Mongolie / Kazakhstan / Kirghizistan / Tadjikistan / Pakistan / Inde / Népal / Bhoutan / Birmanie / Vietnam / Laos / Afghanistan
94%
Afrique du SudEswatini / Lesotho / Angola / Botswana / Mozambique / Zimbabwe
94%
AllemagneFrance / Luxembourg / Belgique / Pays-Bas / Danemark / Pologne / Autriche / Suisse / République Tchèque
94%
Royaume-UniIrlande
94%
AlgérieMaroc / Tunisie / Libye / Niger / Mali / Mauritanie
94%
DanemarkAllemagne / Canada
93%
CroatieBosnie-Herzégovine / Slovénie / Hongrie / Serbie
93%
PortugalEspagne
93%
MexiqueEtats-Unis / Guatemala / Belize
93%
SénégalGambie / Mauritanie / Mali / Guinée / Guinée-Bissau
93%
IrakIran / Koweït / Arabie Saoudite / Jordanie / Syrie / Turquie
93%
ThaïlandeMalaisie / Birmanie / Laos / Cambodge
93%
IndeNépal / Chine / Bhoutan / Pakistan / Bangladesh / Birmanie
93%
PologneRépublique Tchèque / Allemagne / Russie / Lituanie / Biélorussie / Ukraine / Slovaquie
93%
Soudan du SudSoudan / Ethiopie / Kenya / Ouganda / République centrafricaine / République démocratique du congo
93%
GrèceTurquie / Bulgarie / Macédoine du Nord / Albanie
93%
ChiliArgentine / Bolivie / Pérou
91%
TurquieAzerbaïdjan / Arménie / Géorgie / Iran / Irak / Syrie / Grèce
91%
ParaguayBolivie / Brésil / Argentine
91%
AzerbaïdjanIran / Turquie / Arménie / Géorgie / Russie
91%
Arabie SaouditeQatar / Emirats Arabes Unis / Yemen / Oman / Jordanie / Koweït / Irak
91%
République CentrafricaineRépublique démocratique du congo / République du Congo / Cameroun / Tchad / Soudan / Soudan du Sud
91%
MongolieRussie / Chine
91%
BirmanieThaïlande / Chine / Laos / Inde / Bangladesh
91%
SyrieTurquie / Irak / Jordanie / Liban / Israël
91%
OmanArabie Saoudite / Emirats Arabes Unis / Yémen
90%
UruguayArgentine / Brésil
90%
NigériaBénin / Niger / Tchad / Cameroun
90%
MaliCôte d'Ivoire / Guinée / Sénégal / Mauritanie / Algérie / Niger / Burkina Faso
90%
BangladeshInde / Birmanie
90%
SlovénieItalie / Autriche / Hongrie / Croatie
90%
VietnamLaos / Cambodge / Chine
90%
AlbanieMacédoine du Nord / Grèce / Kosovo / Monténégro
90%
ZambieZimbabwe / Botswana / Namibie / Angola / République démocratique du Congo / Tanzanie / Malawi / Mozambique
90%
MonténégroBosnie-Herzégovine / Serbie / Kosovo / Albanie
88%
NigerBurkina Faso / Mali / Algérie / Libye / Tchad / Nigéria / Bénin
88%
LettonieEstonie / Lituanie / Russie / Biélorussie
88%
SurinameGuyana / Brésil / France
88%
EgypteLibye / Israël / Soudan / Libye
88%
EspagnePortugal / Maroc / France / Andorre
88%
BiélorussieRussie / Ukraine / Pologne / Lituanie / Lettonie
88%
OuzbékistanTadjikistan / Kazakhstan / Kirghizistan / Afghanistan / Turkménistan
88%
ArgentineUruguay / Paraguay / Chili / Bolivie / Brésil
88%
LesothoAfrique du Sud
87%
SomalieDjibouti / Ethiopie / Kenya
87%
PérouEquateur / Colombie / Brésil / Bolivie / Chili
87%
EthiopieErythrée / Djibouti / Somalie / Kenya / Soudan du Sud / Soudan
87%
LibyeAlgérie / Tunisie / Niger / Tchad / Soudan / Egypte
86%
République TchèqueAllemagne / Pologne / Slovaquie / Autriche
86%
IsraëlEgypte / Jordanie / Liban / Palestine /Syrie
86%
FranceEspagne / Andorre / Italie / Suisse / Allemagne / Belgique / Luxembourg / Brésil / Suriname / Monaco / Pays-Bas
86%
CanadaEtats-Unis / Danemark
86%
SalvadorHonduras / Guatemala
86%
Papouasie-Nouvelle-GuinéeIndonésie
86%
BelgiqueLuxembourg / Pays-Bas / France / Allemagne
86%
AutricheRépublique Tchèque / Liechtenstein / Suisse / Allemagne / Hongrie / Slovaquie / Slovénie / Italie
86%
LituanieRussie / Biélorussie / Lettonie / Pologne
86%
NorvègeRussie / Finlande / Suède
86%
KirghizistanTadjikistan / Chine / Ouzbékistan / Kazakhstan
86%
IranAfghanistan / Pakistan / Turkmenistan / Azerbaïdjan / Arménie / Turquie / Irak
84%
Macédoine du NordAlbanie / Grèce / Bulgarie / Serbie / Kosovo
84%
TunisieAlgérie / Libye
84%
LuxembourgAllemagne / Belgique / France
84%
Pays-BasAllemagne / Belgique / France
84%
PakistanChine / Afghanistan / Inde / Iran
84%
BhoutanChine / Inde
84%
Corée du SudCorée du Nord
84%
ErythréeDjibouti / Ethiopie / Soudan
84%
AndorreFrance / Espagne
84%
BrésilGuyana / France / Vénézuela / Colombie / Bolivie / Pérou / Paraguay / Uruguay / Argentine / Suriname
84%
VaticanItalie
84%
TurkménistanKazakhstan / Ouzbékistan / Afghanistan / Iran
84%
TadjikistanKirghizistan / Chine / Afghanistan / Ouzbékistan
84%
SuisseLiechtenstein / Allemagne / France / Italie / Autriche
84%
BulgarieMacédoine du Nord / Grèce / Roumanie / Serbie
84%
RoumanieMoldavie / Ukraine / Hongrie / Serbie / Bulgarie
84%
Bosnie-HerzégovineMonténégro / Serbie / Croatie
84%
AfghanistanPakistan / Iran / Turkménistan / Ouzbékistan / Tadjikistan / Chine
84%
ColombiePérou / Brésil / Equateur / Venezuela
84%
SlovaquiePologne / Ukraine / Hongrie / Autriche / République Tchèque
84%
SoudanRépublique Centrafricaine / Egypte / Soudan du Sud / Tchad / Ethiopie / Erythrée
84%
HongrieRoumanie / Ukraine / Slovaquie / Slovénie / Autriche / Croatie / Serbie
84%
IrlandeRoyaume-Uni
84%
UkraineRussie / Biélorussie / Moldavie / Roumanie / Hongrie / Slovaquie / Pologne
84%
KazakhstanRussie / Chine / Kirghizistan / Turkménistan / Ouzbékistan
84%
EstonieRussie / Lettonie
84%
ItalieSaint Marin / Vatican / France / Suisse / Autriche / Slovénie
84%
GambieSénégal
84%
République démocratique du CongoSoudan du Sud / Ouganda / Rwanda / Burundi / Zambie / Angola / République Centrafricaine / République du Congo
84%
LiechtensteinSuisse / Autriche
84%
YémenArabie Saoudite / Oman
83%
GéorgieAzerbaïdjan / Arménie / Russie / Turquie
83%
ArménieAzerbaïdjan / Turquie / Géorgie / Iran
83%
VenezuelaBrésil / Colombie / Guyana
83%
NépalChine / Inde
83%
GuinéeGuinée-Bissau / Sénégal / Sierra Leone / Liberia / Côte d'Ivoire / Mali
83%
Saint MarinItalie
83%
SerbieMonténégro / Bosnie-Herzégovine / Kosovo / Macédoine du Nord / Bulgarie / Roumanie / Hongrie / Croatie
83%
Costa RicaPanama / Nicaragua
83%
EquateurPérou / Colombie
83%
République du CongoRépublique démocratique du Congo / Gabon / Cameroun / République Centrafricaine
83%
Corée du NordRussie / Corée du Sud / Chine
83%
GuatemalaSalvador / Honduras / Belize / Mexique
83%
KosovoSerbie / Macédoine du Nord / Albanie / Monténégro
83%
GuyanaVenezuela / Brésil / Suriname
83%
EswatiniAfrique du Sud / Mozambique
81%
NamibieBotswana / Afrique du Sud / Angola / Zambie
81%
BolivieChili / Brésil / Argentine / Chili / Paraguay / Equateur
81%
PanamaCosta Rica / Colombie
81%
TchadLibye / Soudan / République centrafricaine / Cameroun / Nigéria / Niger
81%
ZimbabweMozambique / Zambie / Botswana / Afrique du Sud / Namibie
81%
IndonésiePapouasie-Nouvelle-Guinée / Timor Oriental / Malaisie
81%
LibanSyrie / Israël
81%
GhanaCôte d'Ivoire / Burkina Faso / Togo
80%
HondurasGuatemala / Salvador / Nicaragua
80%
Côte d'IvoireGuinée / Liberia / Mali / Burkina Faso / Ghana
80%
JordanieIsraël / Syrie / Irak / Arabie Saoudite
80%
SingapourMalaisie
80%
GabonRépublique du Congo / Cameroun / Guinée Equatoriale
80%
LaosThaïlande / Chine / Cambodge / Vietnam / Birmanie
80%
CambodgeThaïlande / Vietnam / Laos
80%
MozambiqueAfrique du Sud / Botswana / Malawi / Tanzanie / Zambie / Zimbabwe / Eswatini
78%
TogoBénin / Ghana / Burkina Faso
78%
MalaisieIndonesie / Thaïlande / Singapour / Brunei
78%
KoweïtIrak / Arabie Saoudite
78%
MauritanieMaroc / Algérie / Mali / Sénégal
78%
BelizeMexique / Guatemala
78%
RwandaOuganda / Burundi / Tanzanie / République démocratique du Congo
78%
CamerounRépublique Centrafricaine / Nigéria / Tchad / République démocratique du congo / Gabon / Guinée Equatoriale
78%
MoldavieUkraine / Roumanie
78%
Guinée EquatorialeCameroun / Gabon
77%
NicaraguaCosta Rica / Honduras
77%
Guinée-BissauGuinée / Sénégal
77%
République DominicaineHaïti
77%
MalawiMozambique / Zambie / Tanzanie
77%
HaïtiRépublique Dominicaine
77%
OugandaRwanda / Tanzanie / Kenya / Soudan du Sud / République démocratique du Congo
77%
KenyaSomalie / Ethiopie / Tanzanie / Ouganda / Soudan du Sud
77%
BurundiTanzanie / Rwanda / République démocratique du Congo
77%
BotswanaAfrique du Sud / Zambie / Namibie / Zimbabwe
75%
DjiboutiErythrée / Ethiopie / Somalie
75%
TanzanieRépublique démocratique du Congo / Rwanda / Burundi / Kenya / Mozambique / Malawi / Zambie / Ouganda
75%
AngolaRépublique démocratique du Congo / Zambie / Namibie
75%
LibériaSierra Leone / Guinée / Côte d'Ivoire
75%
Burkina FasoCôte d'Ivoire / Mali / Niger / Bénin / Togo / Ghana
74%
Sierra LeoneGuinée / Liberia
74%
BéninTogo / Burkina Faso / Niger / Nigeria
74%
Timor OrientalIndonesie
72%
BruneiMalaisie
65%

Distribution des résultats

Percentile par nombre de réponses

% des personnes avec chaque résultat

Votre développement - résultats

Vous n’avez pas pris ce quiz depuis la dernière actualisation